|
|
|
|
| LEADER |
00000cam a2200000 7i4500 |
| 001 |
0000002053 |
| 005 |
20170221.0 |
| 008 |
070710 |
| 020 |
|
|
|a 9799831283935
|
| 020 |
|
|
|a 9831283937
|
| 090 |
0 |
0 |
|a JF
|b ENG
|
| 245 |
0 |
0 |
|a Clue in the fire
|
| 260 |
|
|
|a Kuala Lumpur :
|b Penerbitan Fargoes ,
|c 2005
|
| 440 |
|
|
|a Adventurous boys series
|
| 500 |
|
|
|a Children ages 10-12 years old (pink)
|
| 650 |
|
0 |
|a Adventure
|
| 650 |
|
0 |
|a Junior fiction
|x English
|x Languages
|
| 999 |
|
|
|a 0000898653
|b Book
|c Children Collection
|e Cawangan Tmn. Ungku Tun Aminah
|
| 999 |
|
|
|a 0000898654
|b Book
|c Children Collection
|e Cawangan Tmn. Ungku Tun Aminah
|
| 999 |
|
|
|a 0000967012
|b Book
|c Children Collection
|e Cawangan Bandar Penawar
|
| 999 |
|
|
|a 0000967013
|b Book
|c Children Collection
|e Cawangan Tangkak
|
| 999 |
|
|
|a 0000967014
|b Book
|c Children Collection
|e Perbadanan Perpustakaan Awam Johor
|
| 999 |
|
|
|a 0000967015
|b Book
|c Children Collection
|e Cawangan Bandar Penawar
|
| 999 |
|
|
|a 0000969382
|b Book
|c Children Collection
|e Cawangan Sri Merlong
|
| 999 |
|
|
|a 0001163813
|b Book
|c Children Collection
|e Cawangan Tmn. Ungku Tun Aminah
|
| 999 |
|
|
|a 0001163814
|b Book
|c Children Collection
|e Cawangan Segamat
|
| 999 |
|
|
|a 0001163815
|b Book
|c Children Collection
|e Cawangan Tangkak
|